Pengurusan sukan /
| Main Author: | |
|---|---|
| Format: | Book |
| Published: |
Kuala Lumpur:
Utusan Publications & Distributors Sdn. Bhd,
1998.
|
| Subjects: |
| LEADER | 00492cam a2200181 7i4500 | ||
|---|---|---|---|
| 001 | 0000037040 | ||
| 005 | 20151104090000.0 | ||
| 005 | ##20151104144100.0 | ||
| 003 | ##MY-KlINT | ||
| 020 | # | # | |a 9676108812 |
| 039 | # | 9 | |y 201511041441 |z VLOAD |
| 090 | 0 | 0 | |a 796.069 |b OMA |
| 100 | 1 | # | |a Omardin Ashaari |
| 245 | 1 | 0 | |a Pengurusan sukan / |c oleh Omardin Ashaari. |
| 260 | # | # | |a Kuala Lumpur: |b Utusan Publications & Distributors Sdn. Bhd, |c 1998. |
| 300 | # | # | |a 462 p. |
| 650 | # | 0 | |a Management |
| 650 | # | 0 | |a Sports administration |